पंखहीन / (Record no. 12834)
[ view plain ]
| 000 -LEADER | |
|---|---|
| fixed length control field | 02714 a2200289 4500 |
| 008 - FIXED-LENGTH DATA ELEMENTS--GENERAL INFORMATION | |
| fixed length control field | 090317t xxu||||| |||| 00| 0 eng d |
| 010 ## - LCCN (DPL NO) | |
| LC control number | B-288320-325 |
| 020 ## - INTERNATIONAL STANDARD BOOK NUMBER | |
| International Standard Book Number | 8170284554 |
| Terms of availability | 200.00 |
| 035 ## - SYSTEM CONTROL NUMBER | |
| System control number | B-288320-325 |
| 037 ## - SOURCE OF ACQUISITION | |
| Source of stock number/acquisition | राजपाल एण्ड सन्ज |
| 040 ## - CATALOGING SOURCE | |
| Original cataloging agency | dpl |
| Language of cataloging | HN |
| 082 ## - DEWEY DECIMAL CLASSIFICATION NUMBER | |
| Classification number | 820.92 |
| 100 ## - MAIN ENTRY--PERSONAL NAME | |
| Personal name | विष्णु प्रभाकर |
| 245 ## - TITLE STATEMENT | |
| Title | पंखहीन / |
| Statement of responsibility, etc | विष्णु प्रभाकर |
| 260 ## - PUBLICATION, DISTRIBUTION, ETC. (IMPRINT) | |
| Place of publication, distribution, etc | दिल्ली |
| Name of publisher, distributor, etc | राजपाल एण्ड सन्ज़ |
| Date of publication, distribution, etc | 2006 |
| 270 ## - ADDRESS | |
| Address | 1590 मदरसा रोङ कश्मीरी गेट |
| City | दिल्ली |
| Postal code | 110006 |
| 300 ## - PHYSICAL DESCRIPTION | |
| Extent | 206पृ |
| Dimensions | 22सेमी (सजिल्द) |
| 490 ## - SERIES STATEMENT | |
| Series statement | एक दिशाहीन सफ़र-1 |
| 942 ## - ADDED ENTRY ELEMENTS (KOHA) | |
| Institution code [OBSOLETE] | dpl |
| Item type | Hindi Books |
| Source of classification or shelving scheme | Dewey Decimal Classification |
| Classification part | 820.92 |
| Call number suffix | विष्णुप्र |
| Withdrawn status | Lost status | Source of classification or shelving scheme | Damaged status | Not for loan | Collection code | Home library | Current library | Date acquired | Source of acquisition | Cost, normal purchase price | Total Checkouts | Full call number | Barcode | Date last seen | Copy number | Cost, replacement price | Koha item type | Total Renewals |
|---|---|---|---|---|---|---|---|---|---|---|---|---|---|---|---|---|---|---|
| Dewey Decimal Classification | Non-fiction | Central Library | Central Library | 17/03/2009 | राजपाल एण्ड सन्ज/987/10.9.08/415/4.9.08/16.9.08 | 200.00 | 820.92 विष्णुप्र | B-288320 | 17/03/2009 | 1 | 200.00 | Hindi Books | ||||||
| Dewey Decimal Classification | Non-fiction | Karol Bagh | Karol Bagh | 17/03/2009 | राजपाल एण्ड सन्ज/987/10.9.08/415/4.9.08/16.9.08 | 200.00 | 820.92 विष्णुप्र | B-288324 | 17/03/2009 | 1 | 200.00 | Hindi Books | ||||||
| Dewey Decimal Classification | Non-fiction | Patel Nagar | Patel Nagar | 17/03/2009 | राजपाल एण्ड सन्ज/987/10.9.08/415/4.9.08/16.9.08 | 200.00 | 1 | 820.92 विष्णुप्र | B-288321 | 13/01/2019 | 1 | 200.00 | Hindi Books | |||||
| Dewey Decimal Classification | Non-fiction | Peshwa Road | Peshwa Road | 17/03/2009 | राजपाल एण्ड सन्ज/987/10.9.08/415/4.9.08/16.9.08 | 200.00 | 820.92 विष्णुप्र | B-288322 | 17/03/2009 | 1 | 200.00 | Hindi Books | ||||||
| Dewey Decimal Classification | Non-fiction | Sarojini Nagar | Sarojini Nagar | 17/03/2009 | राजपाल एण्ड सन्ज/987/10.9.08/415/4.9.08/16.9.08 | 200.00 | 5 | 820.92 विष्णुप्र | B-288323 | 13/01/2015 | 1 | 200.00 | Hindi Books | 2 | ||||
| Dewey Decimal Classification | Non-fiction | Shahdara Branch | Shahdara Branch | 17/03/2009 | राजपाल एण्ड सन्ज/987/10.9.08/415/4.9.08/16.9.08 | 200.00 | 6 | 820.92 विष्णुप्र | B-288325 | 21/10/2025 | 1 | 200.00 | Hindi Books | 2 |
